| 000 | 00604cas a2200169 a 4500 | ||
|---|---|---|---|
| 082 |
_a41979 _bWAT _cD |
||
| 245 | 0 | 0 | _aTRRL report. |
| 260 |
_aCrowthorne, Berkshire : _bTransport and Road Research Laboratory, Dept. of the Environment, _c1972- |
||
| 300 |
_av. : _bill. ; _c30 cm. |
||
| 520 | _aIncludes addenda to some nos. of the earlier title. | ||
| 526 |
_a0 _b0 _c0 _d41979_000000000000000_WAT |
||
| 650 | 0 | _aHighway engineering. | |
| 650 | 0 |
_aRoad materials. _921188 |
|
| 650 | 0 |
_aRoads _xDesign and construction. _919562 |
|
| 710 | 2 |
_aTransport and Road Research Laboratory. _938147 |
|
| 942 |
_2ddc _cBK |
||
| 999 |
_c542801 _d542801 |
||